<?xml version="1.0" encoding="UTF-8"?>
<record
    xmlns:xsi="http://www.w3.org/2001/XMLSchema-instance"
    xsi:schemaLocation="http://www.loc.gov/MARC21/slim http://www.loc.gov/standards/marcxml/schema/MARC21slim.xsd"
    xmlns="http://www.loc.gov/MARC21/slim">

  <leader>01496nam a22003497i 4500</leader>
  <controlfield tag="003">EG-ScBUE</controlfield>
  <controlfield tag="005">20240206124624.0</controlfield>
  <controlfield tag="008">220731s2024    ua     f      000 0 ara d</controlfield>
  <datafield tag="017" ind1=" " ind2=" ">
    <subfield code="a">2023 / 28454</subfield>
  </datafield>
  <datafield tag="020" ind1=" " ind2=" ">
    <subfield code="a">9789778064063</subfield>
  </datafield>
  <datafield tag="040" ind1=" " ind2=" ">
    <subfield code="a">EG-ScBUE</subfield>
    <subfield code="b">ara</subfield>
    <subfield code="e">rda</subfield>
    <subfield code="c">EG-ScBUE</subfield>
    <subfield code="d">EG-ScBUE</subfield>
  </datafield>
  <datafield tag="041" ind1="1" ind2=" ">
    <subfield code="a">ara</subfield>
    <subfield code="h">eng</subfield>
  </datafield>
  <datafield tag="082" ind1="0" ind2="4">
    <subfield code="2">22</subfield>
    <subfield code="a">153.42</subfield>
    <subfield code="b">&#x62A; &#x631; &#x64A;</subfield>
  </datafield>
  <datafield tag="100" ind1="1" ind2=" ">
    <subfield code="a">&#x62A;&#x631;&#x64A;&#x646;&#x62A;&#x648;&#x646;&#x60C; &#x646;&#x643;&#x60C;</subfield>
    <subfield code="e">&#x645;&#x624;&#x644;&#x641;.</subfield>
  </datafield>
  <datafield tag="240" ind1="1" ind2="0">
    <subfield code="a">Calm your thoughts : stop overthinking, stop stressing, stop spiraling, and start living.</subfield>
    <subfield code="l">Arabic</subfield>
  </datafield>
  <datafield tag="245" ind1="1" ind2="0">
    <subfield code="a">&#x642;&#x648;&#x629; &#x627;&#x644;&#x623;&#x641;&#x643;&#x627;&#x631; &#x627;&#x644;&#x647;&#x627;&#x62F;&#x626;&#x629; /</subfield>
    <subfield code="c">&#x646;&#x643; &#x62A;&#x631;&#x64A;&#x646;&#x62A;&#x648;&#x646; &#x61B; &#x62A;&#x631;&#x62C;&#x645;&#x629; &#x633;&#x645;&#x631; &#x62D;&#x62C;&#x627;&#x632;&#x64A;.</subfield>
  </datafield>
  <datafield tag="246" ind1="3" ind2="4">
    <subfield code="a">&#x642;&#x648;&#x629; &#x627;&#x644;&#x623;&#x641;&#x643;&#x627;&#x631; &#x627;&#x644;&#x647;&#x627;&#x62F;&#x626;&#x629; :</subfield>
    <subfield code="b">&#x62A;&#x62C;&#x646;&#x628; &#x627;&#x644;&#x623;&#x641;&#x643;&#x627;&#x631; &#x627;&#x644;&#x633;&#x644;&#x628;&#x64A;&#x629;&#x60C; &#x627;&#x633;&#x62A;&#x645;&#x639; &#x644;&#x639;&#x642;&#x644;&#x643; &#x628;&#x647;&#x62F;&#x648;&#x621;&#x60C; &#x62A;&#x62E;&#x644;&#x635; &#x645;&#x646; &#x627;&#x644;&#x62A;&#x648;&#x62A;&#x631; &#x648;&#x639;&#x634; &#x628;&#x633;&#x644;&#x627;&#x645;</subfield>
  </datafield>
  <datafield tag="250" ind1=" " ind2=" ">
    <subfield code="a">&#x627;&#x644;&#x637;&#x628;&#x639;&#x629; &#x627;&#x644;&#x639;&#x631;&#x628;&#x64A;&#x629; &#x627;&#x644;&#x623;&#x648;&#x644;&#x649;.</subfield>
  </datafield>
  <datafield tag="264" ind1=" " ind2="1">
    <subfield code="a">&#x627;&#x644;&#x642;&#x627;&#x647;&#x631;&#x629; :</subfield>
    <subfield code="b">&#x62F;&#x627;&#x631; &#x62F;&#x648;&#x646; &#x644;&#x644;&#x646;&#x634;&#x631; &#x648;&#x627;&#x644;&#x62A;&#x648;&#x632;&#x64A;&#x639;&#x60C;</subfield>
    <subfield code="c">2024.</subfield>
  </datafield>
  <datafield tag="300" ind1=" " ind2=" ">
    <subfield code="a">174 &#x635;&#x641;&#x62D;&#x629; &#x61B;</subfield>
    <subfield code="c">20 &#x633;&#x645;</subfield>
  </datafield>
  <datafield tag="336" ind1=" " ind2=" ">
    <subfield code="2">rdacontent</subfield>
    <subfield code="a">&#x646;&#x635;</subfield>
    <subfield code="b">txt</subfield>
  </datafield>
  <datafield tag="337" ind1=" " ind2=" ">
    <subfield code="2">rdamedia</subfield>
    <subfield code="a">&#x628;&#x62F;&#x648;&#x646; &#x648;&#x633;&#x64A;&#x637;</subfield>
    <subfield code="b">n</subfield>
  </datafield>
  <datafield tag="338" ind1=" " ind2=" ">
    <subfield code="2">rdacarrier</subfield>
    <subfield code="a">&#x645;&#x62C;&#x644;&#x62F;</subfield>
    <subfield code="b">nc</subfield>
  </datafield>
  <datafield tag="541" ind1=" " ind2=" ">
    <subfield code="a">Book Fair 2024.
</subfield>
  </datafield>
  <datafield tag="546" ind1=" " ind2=" ">
    <subfield code="a">&#x627;&#x644;&#x646;&#x635; &#x628;&#x627;&#x644;&#x644;&#x63A;&#x629; &#x627;&#x644;&#x639;&#x631;&#x628;&#x64A;&#x629; &#x648;&#x62A;&#x645; &#x62A;&#x631;&#x62C;&#x645;&#x62A;&#x647; &#x645;&#x646; &#x627;&#x644;&#x644;&#x63A;&#x629; &#x627;&#x644;&#x625;&#x646;&#x62C;&#x644;&#x64A;&#x632;&#x64A;&#x629;.</subfield>
  </datafield>
  <datafield tag="650" ind1=" " ind2="7">
    <subfield code="a">&#x202A;&#x202A;&#x627;&#x644;&#x642;&#x62F;&#x631;&#x629; &#x627;&#x644;&#x639;&#x642;&#x644;&#x64A;&#x629;.</subfield>
    <subfield code="2">BUEsh</subfield>
  </datafield>
  <datafield tag="650" ind1=" " ind2="7">
    <subfield code="a">&#x202A;&#x627;&#x644;&#x62A;&#x641;&#x643;&#x64A;&#x631; &#x627;&#x644;&#x625;&#x628;&#x62F;&#x627;&#x639;&#x64A;.</subfield>
    <subfield code="2">BUEsh</subfield>
  </datafield>
  <datafield tag="653" ind1=" " ind2=" ">
    <subfield code="c">February2024</subfield>
    <subfield code="b">HHUUPPSS</subfield>
  </datafield>
  <datafield tag="655" ind1=" " ind2=" ">
    <subfield code="v">Reading book</subfield>
  </datafield>
  <datafield tag="700" ind1="1" ind2=" ">
    <subfield code="a">&#x62D;&#x62C;&#x627;&#x632;&#x64A;&#x60C; &#x633;&#x645;&#x631;&#x60C;</subfield>
    <subfield code="e">&#x645;&#x62A;&#x631;&#x62C;&#x645;.</subfield>
  </datafield>
  <datafield tag="942" ind1=" " ind2=" ">
    <subfield code="2">ddc</subfield>
  </datafield>
  <datafield tag="999" ind1=" " ind2=" ">
    <subfield code="c">30636</subfield>
    <subfield code="d">30607</subfield>
  </datafield>
  <datafield tag="952" ind1=" " ind2=" ">
    <subfield code="0">0</subfield>
    <subfield code="1">0</subfield>
    <subfield code="2">ddc</subfield>
    <subfield code="4">0</subfield>
    <subfield code="7">0</subfield>
    <subfield code="8">&#x62F;&#x627;&#x631; &#x62F;&#x648;&#x646;</subfield>
    <subfield code="a">MAIN</subfield>
    <subfield code="b">MAIN</subfield>
    <subfield code="c">LOW</subfield>
    <subfield code="d">2024-02-06</subfield>
    <subfield code="e">Purchase</subfield>
    <subfield code="g">170.00</subfield>
    <subfield code="o">153.42 &#x62A; &#x631; &#x64A;</subfield>
    <subfield code="p">000056981</subfield>
    <subfield code="r">2025-12-16 00:00:00</subfield>
    <subfield code="s">2025-11-24</subfield>
    <subfield code="v">213.00</subfield>
    <subfield code="y">BB</subfield>
  </datafield>
</record>
